Maharastra Judicial Servivies : (Record no. 195234)
[ view plain ]
| 000 -LEADER | |
|---|---|
| fixed length control field | 00608nam a22001697a 4500 |
| 005 - DATE AND TIME OF LATEST TRANSACTION | |
| control field | 20230314131938.0 |
| 010 ## - LCCN (DPL NO) | |
| LC control number | ENG-136394 |
| 020 ## - INTERNATIONAL STANDARD BOOK NUMBER | |
| International Standard Book Number | 9789351431411 |
| Terms of availability | 795.00 |
| 035 ## - SYSTEM CONTROL NUMBER | |
| System control number | EN-119926 |
| 037 ## - SOURCE OF ACQUISITION | |
| Source of stock number/acquisition | DBAD/PUB |
| 082 ## - DEWEY DECIMAL CLASSIFICATION NUMBER | |
| Classification number | 340.076095441 |
| 245 ## - TITLE STATEMENT | |
| Title | Maharastra Judicial Servivies : |
| Remainder of title | Preliminary Examination / |
| Statement of responsibility, etc | by Deep Trivedi |
| 260 ## - PUBLICATION, DISTRIBUTION, ETC. (IMPRINT) | |
| Name of publisher, distributor, etc | Lexis Nexis |
| Place of publication, distribution, etc | Gurgoan |
| 270 ## - ADDRESS | |
| Address | 14th Floor ,Building No 10 ,Tower-B ,DLF Cyber City ,Phase 2 |
| City | Haryana |
| Postal code | 122002 |
| Telephone number | +91244774444 |
| Fax number | +91244774100 |
| Electronic mail address | help.in@lenisnexis.com |
| 300 ## - PHYSICAL DESCRIPTION | |
| Extent | vii174p. |
| Dimensions | 27cm(pbk) |
| 942 ## - ADDED ENTRY ELEMENTS (KOHA) | |
| Source of classification or shelving scheme | Dewey Decimal Classification |
| Item type | English Books |
| Classification part | 340.076095441 |
| Call number suffix | JUD |
| Withdrawn status | Lost status | Not for loan | Collection code | Home library | Current library | Date acquired | Source of acquisition | Cost, normal purchase price | Full call number | Barcode | Copy number | Koha item type |
|---|---|---|---|---|---|---|---|---|---|---|---|---|
| Non-fiction | Katevara | Katevara | 14/03/2023 | DBAD/PUB | 795.00 | 340.076095441 JUD | EN-119926 | 1 | English Books |
